Name a British Prime Minister Who... Quiz Stats

Quiz Updated Jul 12, 2016

Challenge
Share
Tweet
Embed
Score 0/30 Timer 06:00
0 Plays Today
A Prime Minister Who Prime Minister % Correct
...was female.Margaret Thatcher...
98.6%
...is still alive.Tony Blair...
89.6%
...went to Eton.Sir Robert Walpole...
85.8%
...had a deputy PM.David Cameron...
76.5%
...served during the reign of Queen Victoria.Sir Robert Peel...
74.1%
...met Adolf Hitler.Neville Chamberlain...
73.6%
...has a blend of tea named after them.Earl Grey
70.8%
...has a statue in Parliament Square.Winston Churchill...
63.1%
...was the son of another British PM.Lord Grenville...
59.6%
...was Jewish.Benjamin Disraeli
57.1%
...was born during the reign of the same monarch as their term as PM.Tony Blair...
52.1%
...was attacked by suffragettes.Henry Asquith...
47.9%
...was a Duke.Duke of Newcastle...
47.9%
...survived a bombing attempt during their ministry.Margaret Thatcher...
47.6%
...served in the military during the Napoleonic wars.Duke of Wellington...
46.8%
A Prime Minister Who Prime Minister % Correct
...never married.Spencer Compton...
43.4%
...represented a constituency within Greater London.Earl Russell...
37.9%
...died in office.Marquess of Rockingham...
37.1%
...was assassinated.Spencer Perceval
35.6%
...was the first PM of the current political parties to be elected.Ramsay MacDonald...
31.2%
...became PM after they turned 80.William Ewart Gladstone
30.2%
...was an MP in a borough abolished by the Great Reform Act.William Pitt the Elder...
29.3%
...served for less than a year.George Canning...
29.1%
...tried to rescue and rehabilitate London prostitutes.William Ewart Gladstone
25.4%
...spoke English as a second language.David Lloyd George
23.7%
...was the first British PM to visit the Republic of India.Harold Macmillan
22.4%
...born outside the current borders of the UK.Andrew Bonar Law...
22%
...was the first PM of the United Kingdom of Great Britain and Ireland.William Pitt the Younger...
20%
...was the last PM to head his administration from the House of Lords.Marquess of Salisbury...
18.9%
...was a member of the Scouting movement.John Major
15.6%

You're not logged in!

Compare scores with friends on all Sporcle quizzes.
Join for Free
OR
Log In

You Might Also Like...

Show Comments

Extras

Top Quizzes Today


Score Distribution

Your Account Isn't Verified!

In order to create a playlist on Sporcle, you need to verify the email address you used during registration. Go to your Sporcle Settings to finish the process.

Report this User

Report this user for behavior that violates our Community Guidelines.

Details: